[Event "II HSL Istok 2015"]
[Site "Dalj, Vukovar, Zupanja, Oraho"]
[Date "2016.04.16"]
[Round "1.21"]
[White "Feltan, Mario"]
[Black "Majeric, Zoran"]
[Result "1-0"]
[WhiteElo "2143"]
[BlackElo "2235"]
[PlyCount "75"]
[EventDate "2016.04.16"]
[EventType "tourn"]
[EventRounds "11"]
[Source "Croatia"]
[SourceDate "2016.04.16"]

1. e4 c5 2. c3 Nf6 3. e5 Nd5 4. d4 cxd4 5. Nf3 e6 6. cxd4 d6 7. exd6 Bxd6 8.
Nc3 Nxc3 9. bxc3 Qc7 10. Bd2 Nd7 11. Bd3 b6 12. O-O Bb7 13. h3 O-O 14. a4 Bf4
15. Bxf4 Qxf4 16. Qd2 Qc7 17. Ng5 Nf6 18. Rfe1 Rac8 19. Ra3 Rfd8 20. a5 h6 21.
Ne4 Nxe4 22. Bxe4 Bxe4 23. Rxe4 Qd6 24. Ra1 b5 25. Rg4 e5 26. Re1 exd4 27. cxd4
Rc4 28. d5 Rxg4 29. hxg4 Rc8 30. g5 h5 31. g6 Qxg6 32. d6 Rd8 33. d7 Qc6 34.
Re7 b4 35. Qf4 f6 36. Qg3 g5 37. Qb3+ Kh8 38. Qb1 1-0

[Event "II HSL Istok 2015"]
[Site "Dalj, Vukovar, Zupanja, Oraho"]
[Date "2016.04.16"]
[Round "1.22"]
[White "Radulovic, Bojan"]
[Black "Basic, Kresimir"]
[Result "1/2-1/2"]
[WhiteElo "2250"]
[BlackElo "2082"]
[PlyCount "117"]
[EventDate "2016.04.16"]
[EventType "tourn"]
[EventRounds "11"]
[Source "Croatia"]
[SourceDate "2016.04.16"]

1. d4 Nf6 2. Nf3 g6 3. c4 Bg7 4. Nc3 d6 5. h4 h6 6. e4 Bg4 7. Qb3 b6 8. Be3 c5
9. dxc5 dxc5 10. Rd1 Nfd7 11. Be2 Nc6 12. Nd5 e6 13. Nf4 Qc7 14. Nh2 Bxe2 15.
Nxe2 Qe5 16. Nc3 Nd4 17. Qa4 Qc7 18. Nf3 Nxf3+ 19. gxf3 Bxc3+ 20. bxc3 O-O-O
21. Ke2 Kb7 22. Rd2 Qc6 23. Qxc6+ Kxc6 24. Rhd1 Kc7 25. Bf4+ Kc8 26. Bd6 Rhe8
27. Bf4 Rh8 28. Bd6 Rhe8 29. f4 Nf6 30. f3 Nh5 31. a4 Rd7 32. a5 Red8 33. Ke3
Ng7 34. axb6 axb6 35. e5 Nf5+ 36. Ke4 Ng3+ 37. Ke3 Nf5+ 38. Ke2 Nxd6 39. exd6
Kb7 40. h5 gxh5 41. Rh1 Rxd6 42. Rxd6 Rxd6 43. Rxh5 Ka6 44. Rxh6 f5 45. Rh1 Rd8
46. Ke3 Kb7 47. Rh6 Rd6 48. Rh7+ Ka6 49. Rc7 Rd1 50. Re7 Rd6 51. Re8 Kb7 52.
Ke2 Kc7 53. Re7+ Kc6 54. Ra7 Rd8 55. Ra1 Rh8 56. Ke3 Rh2 57. Ra8 Rc2 58. Kd3
Rf2 59. Ke3 1/2-1/2

[Event "II HSL Istok 2015"]
[Site "Dalj, Vukovar, Zupanja, Oraho"]
[Date "2016.04.16"]
[Round "1.23"]
[White "Cabrajac, Zdravko"]
[Black "Lukic, Milutin"]
[Result "1-0"]
[WhiteElo "2032"]
[BlackElo "1988"]
[PlyCount "71"]
[EventDate "2016.04.16"]
[EventType "tourn"]
[EventRounds "11"]
[Source "Croatia"]
[SourceDate "2016.04.16"]

1. e4 c5 2. Nf3 Nc6 3. d4 cxd4 4. Nxd4 Nxd4 5. Qxd4 Qc7 6. Nc3 e5 7. Nb5 exd4
8. Nxc7+ Kd8 9. Nxa8 b6 10. Bf4 d6 11. O-O-O Bb7 12. Nxb6 axb6 13. Rxd4 Kc7 14.
Bc4 g6 15. Rhd1 Bh6 16. Bxh6 Nxh6 17. f3 Rd8 18. e5 d5 19. g4 Re8 20. Bxd5 Rxe5
21. Bxb7 Kxb7 22. h3 Kc7 23. Re4 Ra5 24. Re7+ Kc6 25. a3 Ra4 26. Re4 Ra8 27. c4
Ra7 28. Rd3 f5 29. Re8 Ra4 30. Re7 fxg4 31. hxg4 Rxc4+ 32. Rc3 Rxc3+ 33. bxc3
Ng8 34. Rxh7 Kd5 35. Rb7 Kc5 36. g5 1-0

[Event "II HSL Istok 2015"]
[Site "Dalj, Vukovar, Zupanja, Oraho"]
[Date "2016.04.16"]
[Round "1.24"]
[White "Kitarovic, Mihajlo"]
[Black "Dermisek, Stipa"]
[Result "1-0"]
[WhiteElo "2017"]
[BlackElo "2081"]
[PlyCount "98"]
[EventDate "2016.04.16"]
[EventType "tourn"]
[EventRounds "11"]
[Source "Croatia"]
[SourceDate "2016.04.16"]

1. d4 Nf6 2. c4 g6 3. Nc3 Bg7 4. e4 d6 5. f4 Na6 6. Nf3 c5 7. d5 O-O 8. Bd3 e6
9. O-O Nc7 10. Bd2 exd5 11. cxd5 Bd7 12. a4 a6 13. a5 Re8 14. Qc2 Nb5 15. Na4
Rc8 16. Nb6 Rc7 17. h3 Bc8 18. Rae1 Rce7 19. b4 cxb4 20. Bxb4 Nh5 21. Bd2 Nd4
22. Qa4 Nxf3+ 23. Rxf3 f5 24. Kf2 fxe4 25. Rxe4 Bf5 26. Rxe7 Qxe7 27. Bf1 Nf6
28. Re3 Qf7 29. Rxe8+ Qxe8 30. Qxe8+ Nxe8 31. g4 Bc2 32. Ke3 Bb3 33. Bc4 Bxc4
34. Nxc4 Kf7 35. Bb4 Ke7 36. g5 Kd7 37. Ke4 Bf8 38. f5 gxf5+ 39. Kxf5 Ng7+ 40.
Kf6 Nh5+ 41. Kf7 Be7 42. h4 Nf4 43. Nb6+ Kd8 44. Kg7 Ng2 45. Kxh7 Nxh4 46. g6
Bf8 47. g7 Bxg7 48. Kxg7 Ke7 49. Nc8+ Kd7 1-0

[Event "II HSL Istok 2015"]
[Site "Dalj, Vukovar, Zupanja, Oraho"]
[Date "2016.04.16"]
[Round "1.25"]
[White "Sucurovic, Jure"]
[Black "Nikolic, Milenko"]
[Result "1/2-1/2"]
[WhiteElo "1985"]
[BlackElo "2016"]
[PlyCount "134"]
[EventDate "2016.04.16"]
[EventType "tourn"]
[EventRounds "11"]
[Source "Croatia"]
[SourceDate "2016.04.16"]

1. c4 c5 2. g3 Nc6 3. Bg2 Nf6 4. b3 e6 5. Nc3 Be7 6. Bb2 O-O 7. e3 d5 8. cxd5
exd5 9. Nge2 Bg4 10. f3 Bf5 11. d4 Nb4 12. e4 dxe4 13. fxe4 cxd4 14. exf5 dxc3
15. Bxc3 Nd3+ 16. Kf1 Ng4 17. Bd4 Qxd4 18. Nxd4 Ne3+ 19. Ke2 Nxd1 20. Rhxd1 Nc5
21. Nb5 a6 22. Nc7 Rac8 23. Nd5 Bg5 24. h4 Rfe8+ 25. Kf1 Bh6 26. f6 Rb8 27. g4
g6 28. Ne7+ Kh8 29. Bd5 g5 30. Nf5 Bf8 31. Bxf7 Re4 32. Bh5 gxh4 33. Rd4 Rxd4
34. Nxd4 Ne4 35. Nf3 Nxf6 36. Nxh4 Nxh5 37. gxh5 Bc5 38. Kg2 Rg8+ 39. Kf3 Rg5
40. h6 Kg8 41. Kf4 Rd5 42. Nf5 Kf7 43. Ke4 Rd2 44. a3 Ke6 45. Ng7+ Kf6 46. b4
Bf8 47. Rf1+ Ke7 48. Nf5+ Kd7 49. Rg1 Ke6 50. Nd4+ Kf7 51. Rf1+ Ke8 52. Rh1 Rg2
53. Rh3 Ke7 54. Rf3 Rg4+ 55. Rf4 Rxf4+ 56. Kxf4 Bxh6+ 57. Kf5 Bg7 58. Nc2 Kd6
59. Ke4 b5 60. Ne3 Bb2 61. a4 Ke6 62. axb5 axb5 63. Nd5 Kd6 64. Ne3 Bc1 65.
Nf5+ Kc6 66. Nd4+ Kb6 67. Nxb5 Kxb5 1/2-1/2

[Event "II HSL Istok 2015"]
[Site "Dalj, Vukovar, Zupanja, Oraho"]
[Date "2016.04.16"]
[Round "1.26"]
[White "Popov, Radmila"]
[Black "Coric, Zeljko"]
[Result "0-1"]
[WhiteElo "1918"]
[BlackElo "2023"]
[PlyCount "94"]
[EventDate "2016.04.16"]
[EventType "tourn"]
[EventRounds "11"]
[Source "Croatia"]
[SourceDate "2016.04.16"]

1. d4 d5 2. Bf4 Nf6 3. h3 g6 4. e3 Bg7 5. c3 O-O 6. Be2 Nc6 7. Nf3 Ne4 8. O-O
Re8 9. a3 e5 10. Bh2 Ng5 11. dxe5 Nxf3+ 12. Bxf3 Be6 13. Nd2 Qg5 14. Bg4 Qe7
15. Nb3 Nxe5 16. Be2 c6 17. Nd4 c5 18. Nxe6 fxe6 19. Bxe5 Bxe5 20. Qc2 c4 21.
e4 Rad8 22. f4 Qc5+ 23. Kh1 Bg7 24. e5 Bh6 25. Rad1 b5 26. Rd4 a5 27. Rfd1 Rb8
28. Bg4 Rb6 29. h4 b4 30. axb4 axb4 31. h5 bxc3 32. hxg6 cxb2 33. gxh7+ Kh8 34.
Qg6 Qf8 35. Bh5 Re7 36. g3 Qg7 37. Rxc4 Qxg6 38. Bxg6 Rxh7 39. Rc8+ Kg7 40.
Bxh7 Kxh7 41. Rb1 Kg6 42. Kg2 Kf5 43. Rh8 Bg7 44. Ra8 Bh6 45. Kf2 Ke4 46. Ke2
d4 47. Kd2 Rb5 0-1

[Event "II HSL Istok 2015"]
[Site "Dalj, Vukovar, Zupanja, Oraho"]
[Date "2016.04.16"]
[Round "1.31"]
[White "Vitic, Ivan"]
[Black "Saric, Sinisa"]
[Result "0-1"]
[WhiteElo "2307"]
[BlackElo "2437"]
[PlyCount "184"]
[EventDate "2016.04.16"]
[EventType "tourn"]
[EventRounds "11"]
[Source "Croatia"]
[SourceDate "2016.04.16"]

1. e4 d5 2. exd5 Qxd5 3. Nc3 Qd6 4. d4 Nf6 5. Nf3 Bg4 6. h3 Bh5 7. g4 Bg6 8.
Ne5 Nbd7 9. Nb5 Qb6 10. Nc4 Qe6+ 11. Qe2 Qxe2+ 12. Bxe2 O-O-O 13. Nxa7+ Kb8 14.
Nb5 Bxc2 15. Bf4 e5 16. Nxe5 Bb4+ 17. Kf1 Nd5 18. Bg3 Nxe5 19. Bxe5 f6 20. Bg3
Bd2 21. a4 Rhe8 22. Bf3 Nf4 23. Bxf4 Bxf4 24. d5 Be4 25. Bxe4 Rxe4 26. Kg2 Rb4
27. Rhe1 Be5 28. Ra2 Rxd5 29. Re2 Rd3 30. Nc3 Ka7 31. a5 Ka6 32. Ra3 c6 33. Ra2
h6 34. Ra3 g6 35. Ra2 Rb3 36. h4 Bxc3 37. bxc3 Rdxc3 38. Re8 h5 39. gxh5 gxh5
40. Ra8+ Kb5 41. a6 bxa6 42. R8xa6 Rc5 43. Ra8 Kc4 44. Re2 Rf5 45. Rc2+ Rc3 46.
Ra4+ Kb3 47. Rca2 c5 48. R4a3+ Kc4 49. Ra6 Rd3 50. Rb6 Rd4 51. f3 Kd5 52. Raa6
Rdf4 53. Rd6+ Kc4 54. Ra3 Kb5 55. Rd1 Rxh4 56. Rd8 Rb4 57. Rc8 Kc4 58. Re8 Rg5+
59. Kh3 Rb1 60. Kh2 Re5 61. Rf8 Rb3 62. Ra4+ Rb4 63. Ra3 Rf5 64. Re8 Kd5 65.
Rd8+ Ke5 66. Kg3 Rg5+ 67. Kf2 Kf4 68. Re8 Rb2+ 69. Kf1 Rd5 70. Re4+ Kf5 71. Ke1
Re5 72. Rc3 Rb5 73. Rcc4 Rxe4+ 74. fxe4+ Kf4 75. Ke2 h4 76. e5+ Kxe5 77. Rxh4
Rb4 78. Rh8 Kd4 79. Rf8 Rb6 80. Kd2 Ra6 81. Rf7 Ra2+ 82. Kd1 Rf2 83. Ke1 Rf5
84. Kd2 c4 85. Rd7+ Rd5 86. Rc7 f5 87. Rf7 Rc5 88. Re7 f4 89. Rd7+ Ke4 90. Re7+
Kf3 91. Kc3 Kf2 92. Kd4 c3 0-1

[Event "II HSL Istok 2015"]
[Site "Dalj, Vukovar, Zupanja, Oraho"]
[Date "2016.04.16"]
[Round "1.33"]
[White "Susnjar, Miroslav"]
[Black "Ljikar, Zoran"]
[Result "1/2-1/2"]
[WhiteElo "2179"]
[BlackElo "2253"]
[PlyCount "46"]
[EventDate "2016.04.16"]
[EventType "tourn"]
[EventRounds "11"]
[Source "Croatia"]
[SourceDate "2016.04.16"]

1. d4 Nf6 2. Nf3 e6 3. c4 c5 4. e3 b6 5. Nc3 Bb7 6. Be2 Be7 7. b3 O-O 8. O-O
cxd4 9. exd4 d5 10. Bb2 Ne4 11. Bd3 Nd7 12. Qe2 f5 13. cxd5 exd5 14. Rac1 a6
15. Nb1 Bd6 16. Ba3 Qf6 17. Qb2 b5 18. Bxd6 Qxd6 19. Nbd2 Rae8 20. Rfe1 b4 21.
Nf1 Re6 22. Ne3 g6 23. Nc2 Rfe8 1/2-1/2

[Event "II HSL Istok 2015"]
[Site "Dalj, Vukovar, Zupanja, Oraho"]
[Date "2016.04.16"]
[Round "1.34"]
[White "Tomerlin, Sinisa"]
[Black "Tomicic, Zvonimir"]
[Result "1/2-1/2"]
[WhiteElo "2255"]
[BlackElo "2191"]
[PlyCount "39"]
[EventDate "2016.04.16"]
[EventType "tourn"]
[EventRounds "11"]
[Source "Croatia"]
[SourceDate "2016.04.16"]

1. Nf3 Nf6 2. g3 g6 3. Bg2 Bg7 4. O-O O-O 5. d3 d6 6. Nbd2 Nbd7 7. Re1 c6 8. c3
Qc7 9. Qc2 Re8 10. e4 e5 11. a4 a5 12. h3 Nf8 13. Nf1 N8d7 14. N1d2 Nf8 15. Nf1
N8d7 16. N1d2 Nf8 17. Nf1 N8d7 18. N1d2 Nf8 19. Nf1 N8d7 20. N1d2 1/2-1/2

[Event "II HSL Istok 2015"]
[Site "Dalj, Vukovar, Zupanja, Oraho"]
[Date "2016.04.16"]
[Round "1.35"]
[White "Kovacevic, Srecko"]
[Black "Grguric, Zeljko"]
[Result "0-1"]
[WhiteElo "2079"]
[BlackElo "2095"]
[PlyCount "66"]
[EventDate "2016.04.16"]
[EventType "tourn"]
[EventRounds "11"]
[Source "Croatia"]
[SourceDate "2016.04.16"]

1. Nf3 Nf6 2. d4 d5 3. e3 e6 4. Bd3 c5 5. b3 Nbd7 6. O-O Bd6 7. Bb2 O-O 8. Nbd2
b6 9. Qe2 Bb7 10. Ne5 Qc7 11. f4 Ne4 12. Rf3 f5 13. Nxd7 Qxd7 14. Bxe4 fxe4 15.
Rg3 Rf7 16. Rd1 Qc7 17. Qg4 Re8 18. c4 cxd4 19. Bxd4 e5 20. fxe5 Bxe5 21. Bxe5
Qxe5 22. cxd5 Bxd5 23. Rf1 Rxf1+ 24. Nxf1 Qa1 25. Qd7 Bf7 26. Qxa7 Bh5 27. Qa6
Rf8 28. h3 Qd1 29. Rg4 Bxg4 30. hxg4 Qxg4 31. Qxb6 Qd1 32. Qe6+ Kh8 33. Qc4 Qe1
0-1

[Event "II HSL Istok 2015"]
[Site "Dalj, Vukovar, Zupanja, Oraho"]
[Date "2016.04.16"]
[Round "1.36"]
[White "Crnogorac, Radovan"]
[Black "Sesar, Ante"]
[Result "1-0"]
[WhiteElo "1835"]
[BlackElo "1678"]
[PlyCount "53"]
[EventDate "2016.04.16"]
[EventType "tourn"]
[EventRounds "11"]
[Source "Croatia"]
[SourceDate "2016.04.16"]

1. e4 d6 2. d4 Nd7 3. Nf3 e5 4. dxe5 dxe5 5. Nc3 c6 6. Bc4 Ngf6 7. Ng5 Qa5 8.
Bd2 Qc5 9. Qe2 Nb6 10. Bxf7+ Ke7 11. Be3 Qb4 12. Bb3 Bg4 13. f3 Bh5 14. a3 Qa5
15. O-O h6 16. Ne6 Nbd7 17. Nxf8 Rhxf8 18. Rad1 Rfd8 19. Qc4 Nf8 20. Bc5+ Ke8
21. Bxf8 Kxf8 22. g4 Be8 23. Na4 Qc7 24. Nc5 Qb6 25. Kg2 Rd7 26. Nxd7+ Nxd7 27.
Rxd7 1-0

[Event "II HSL Istok 2015"]
[Site "Dalj, Vukovar, Zupanja, Oraho"]
[Date "2016.04.16"]
[Round "1.41"]
[White "Stipandic, Marko"]
[Black "Rosic, Slavko"]
[Result "0-1"]
[WhiteElo "2049"]
[BlackElo "2253"]
[PlyCount "94"]
[EventDate "2016.04.16"]
[EventType "tourn"]
[EventRounds "11"]
[Source "Croatia"]
[SourceDate "2016.04.16"]

1. d4 d5 2. c4 c6 3. e3 Nf6 4. Nf3 a6 5. Nc3 b5 6. b3 Bg4 7. h3 Bxf3 8. Qxf3 e6
9. Bd3 Bb4 10. Bd2 Nbd7 11. O-O bxc4 12. bxc4 c5 13. Rfd1 cxd4 14. exd4 dxc4
15. Bxc4 O-O 16. Qd3 Qc8 17. Rac1 Nb6 18. Bb3 Qd8 19. Bg5 Bxc3 20. Rxc3 Nbd5
21. Rc5 Qd7 22. Ra5 Qc7 23. Bd2 Qd6 24. Rc1 Nf4 25. Qf3 N4d5 26. Rac5 Qb6 27.
Ba5 Qd6 28. g3 Qd7 29. Rc6 Rac8 30. Rxc8 Rxc8 31. Rxc8+ Qxc8 32. Qd3 h5 33. Bc4
Qc6 34. Qb3 h4 35. Bd3 hxg3 36. fxg3 Qc1+ 37. Kh2 g6 38. Bxa6 Ne4 39. Qf3 Qb2+
40. Qg2 Qxd4 41. Be1 f5 42. Bb7 Qe3 43. Bxd5 exd5 44. Bb4 d4 45. Ba5 d3 46. Bc7
g5 47. Qb2 d2 0-1

[Event "II HSL Istok 2015"]
[Site "Dalj, Vukovar, Zupanja, Oraho"]
[Date "2016.04.16"]
[Round "1.42"]
[White "Babic, Andrija"]
[Black "Cindric, Ivica"]
[Result "1-0"]
[WhiteElo "2069"]
[BlackElo "2012"]
[PlyCount "71"]
[EventDate "2016.04.16"]
[EventType "tourn"]
[EventRounds "11"]
[Source "Croatia"]
[SourceDate "2016.04.16"]

1. e4 c5 2. Nf3 d6 3. d4 cxd4 4. Nxd4 Nf6 5. Nc3 a6 6. a4 Nbd7 7. Bc4 Qc7 8.
Qe2 Ne5 9. Bb3 e6 10. O-O Be7 11. Kh1 O-O 12. f4 Nc6 13. Be3 Bd7 14. f5 Nxd4
15. Bxd4 e5 16. Bf2 Bc6 17. Rfd1 Rac8 18. a5 Kh8 19. Bb6 Qd7 20. Nd5 Bxd5 21.
Bxd5 Nxd5 22. Rxd5 Qc6 23. c3 Qc4 24. Qc2 g6 25. f6 Bxf6 26. Rxd6 Kg7 27. Rd7
Bd8 28. Rxb7 Rc6 29. Qa4 Bxb6 30. axb6 Rfc8 31. Qxc4 Rxc4 32. Rf1 Rf8 33. Ra7
Rxe4 34. h3 Re2 35. b4 Re3 36. Raxf7+ 1-0

[Event "II HSL Istok 2015"]
[Site "Dalj, Vukovar, Zupanja, Oraho"]
[Date "2016.04.16"]
[Round "1.43"]
[White "Vidalina, Franja"]
[Black "Egerc, Josip"]
[Result "1/2-1/2"]
[WhiteElo "2059"]
[BlackElo "2029"]
[PlyCount "138"]
[EventDate "2016.04.16"]
[EventType "tourn"]
[EventRounds "11"]
[Source "Croatia"]
[SourceDate "2016.04.16"]

1. e4 e6 2. d4 d5 3. exd5 exd5 4. c4 Bb4+ 5. Nc3 Qe7+ 6. Be3 Nf6 7. Be2 O-O 8.
Nf3 dxc4 9. O-O Bxc3 10. bxc3 b5 11. a4 c6 12. Ne5 Bb7 13. Bf3 a6 14. Bg5 h6
15. Bxf6 Qxf6 16. axb5 axb5 17. Rxa8 Bxa8 18. Qa1 Bb7 19. Qa7 Qe7 20. Nxc6 Qc7
21. Na5 b4 22. Nxb7 bxc3 23. Qc5 Na6 24. Qxc7 Nxc7 25. Nd6 Rd8 26. Nxc4 Rxd4
27. Ne3 Rb4 28. Rc1 Rb3 29. Kf1 Nb5 30. Nc2 Rb2 31. Bc6 Na7 32. Be4 Nb5 33. Bd3
Nc7 34. Nd4 Nd5 35. Be4 Nf6 36. f3 Nxe4 37. fxe4 Rb4 38. Ne2 Rxe4 39. Rxc3 Re7
40. Kf2 g6 41. Kf3 Kg7 42. Nf4 Rd7 43. Rc6 Rb7 44. h4 Rb3+ 45. Kf2 Rb2+ 46. Kg3
Rb3+ 47. Kh2 Rb4 48. g3 Rb7 49. Kh3 h5 50. Rc5 Rb2 51. Rc7 Kf6 52. Rc5 Kg7 53.
Nxh5+ gxh5 54. Rxh5 Rb4 55. Rf5 f6 56. h5 Ra4 57. g4 Ra3+ 58. Kh4 Rb3 59. Ra5
Rb7 60. Kg3 Rb1 61. Ra7+ Kg8 62. Kf4 Rf1+ 63. Ke4 Rf2 64. h6 Rf1 65. Rg7+ Kh8
66. Rf7 Kg8 67. h7+ Kh8 68. g5 Re1+ 69. Kf5 fxg5 1/2-1/2

[Event "II HSL Istok 2015"]
[Site "Dalj, Vukovar, Zupanja, Oraho"]
[Date "2016.04.16"]
[Round "1.44"]
[White "Lesic, Krunoslav"]
[Black "Vandjija, Zdenko"]
[Result "0-1"]
[WhiteElo "2010"]
[BlackElo "2109"]
[PlyCount "84"]
[EventDate "2016.04.16"]
[EventType "tourn"]
[EventRounds "11"]
[Source "Croatia"]
[SourceDate "2016.04.16"]

1. e4 c6 2. d4 d5 3. e5 Bf5 4. g4 Be4 5. f3 Bg6 6. h4 h5 7. g5 e6 8. Ne2 Ne7 9.
Nf4 Bf5 10. Bd3 g6 11. Be2 Nd7 12. Nd2 c5 13. c3 Nc6 14. Nb3 cxd4 15. cxd4 Qb6
16. a3 a5 17. a4 Rc8 18. Bb5 Nb4 19. Rh2 Nc2+ 20. Kf1 Nxa1 21. Nxa1 Qc7 22. Be3
Bb4 23. Nd3 O-O 24. Rc2 Qd8 25. Rxc8 Qxc8 26. Nxb4 axb4 27. Qb3 Nb6 28. Qxb4
Nc4 29. Bf4 b6 30. Ke2 Qc7 31. Bg3 Rc8 32. Be1 Na5 33. Bc3 Nc6 34. Qb3 Na7 35.
Ba6 Rb8 36. Bd3 Bxd3+ 37. Kxd3 b5 38. Nc2 bxa4 39. Qxa4 Nc6 40. Na3 Qb7 41. Nc2
Ra8 42. Qxa8+ Qxa8 0-1

[Event "II HSL Istok 2015"]
[Site "Dalj, Vukovar, Zupanja, Oraho"]
[Date "2016.04.16"]
[Round "1.45"]
[White "Ivankovic, Marko"]
[Black "Zivkovic, Zvonimir"]
[Result "0-1"]
[WhiteElo "1987"]
[BlackElo "1648"]
[PlyCount "72"]
[EventDate "2016.04.16"]
[EventType "tourn"]
[EventRounds "11"]
[Source "Croatia"]
[SourceDate "2016.04.16"]

1. e4 e5 2. Nf3 Nc6 3. d4 exd4 4. Nxd4 Bc5 5. Be3 Qe7 6. Nb5 d6 7. Bxc5 dxc5 8.
N1c3 Nf6 9. Nd5 Nxd5 10. Qxd5 Be6 11. Qd2 Rd8 12. Qe3 Nb4 13. Na3 c4 14. c3
Nd3+ 15. Bxd3 Rxd3 16. Qe2 Qg5 17. O-O Bg4 18. f3 Rd2 19. Qe1 Bxf3 20. Rf2 Rxf2
21. Qxf2 Bxe4 22. Re1 f5 23. Nxc4 O-O 24. Nd2 Bc6 25. Nb3 f4 26. Nd4 Bd5 27. b3
f3 28. g3 c5 29. Nb5 c4 30. b4 Qf5 31. Nxa7 Qd3 32. Rc1 Re8 33. Re1 Re2 34.
Rxe2 fxe2 35. Qe1 Qe3+ 36. Qf2 e1=R# 0-1

[Event "II HSL Istok 2015"]
[Site "Dalj, Vukovar, Zupanja, Oraho"]
[Date "2016.04.16"]
[Round "1.46"]
[White "Vukojevic, Toni"]
[Black "Knezevic, Goran"]
[Result "0-1"]
[WhiteElo "1513"]
[BlackElo "1884"]
[PlyCount "100"]
[EventDate "2016.04.16"]
[EventType "tourn"]
[EventRounds "11"]
[Source "Croatia"]
[SourceDate "2016.04.16"]

1. e4 d5 2. c3 dxe4 3. Qa4+ Bd7 4. Qxe4 Bc6 5. Qc2 e5 6. Nf3 Bxf3 7. gxf3 Nf6
8. Bc4 Qd7 9. Qb3 Nc6 10. Bxf7+ Kd8 11. Bc4 Na5 12. Qb5 Nxc4 13. Qxc4 b5 14.
Qe2 Qd5 15. d3 Bd6 16. Bg5 Kd7 17. Bxf6 gxf6 18. Nd2 f5 19. Kd1 Rhg8 20. Kc2
Rg2 21. Qf1 Rag8 22. b4 c5 23. a3 Qc6 24. Kb2 Qb6 25. Kb3 cxb4 26. axb4 Rxf2
27. Qc1 Rgg2 28. Ra2 Qe3 29. Rd1 Ke6 30. d4 e4 31. d5+ Kf7 32. fxe4 Bf4 33. Re1
Qb6 34. Rd1 Qe3 35. Re1 Qd3 36. Rd1 Rxd2 37. Rdxd2 Rxd2 38. Rxd2 Bxd2 39. Qa1
fxe4 40. Qxa7+ Kg6 41. Qb6+ Kg5 42. Qd8+ Kf4 43. Qh4+ Kf3 44. Qg3+ Ke2 45. Qg2+
Kd1 46. Qg1+ Be1 47. Qg4+ Kc1 48. Qf4+ Kb1 49. Qc7 Qc2+ 50. Ka3 Qa2# 0-1

[Event "II HSL Istok 2015"]
[Site "Dalj, Vukovar, Zupanja, Oraho"]
[Date "2016.04.16"]
[Round "1.51"]
[White "Lalic, Kristijan"]
[Black "Bosnjak, Nino"]
[Result "1-0"]
[WhiteElo "2273"]
[BlackElo "2136"]
[PlyCount "77"]
[EventDate "2016.04.16"]
[EventType "tourn"]
[EventRounds "11"]
[Source "Croatia"]
[SourceDate "2016.04.16"]

1. d4 d5 2. Bg5 c5 3. e3 Qb6 4. Nc3 e6 5. Rb1 Nc6 6. Nf3 cxd4 7. exd4 Bb4 8.
Bd3 Bd7 9. O-O h6 10. Bd2 Nf6 11. a3 Bxc3 12. Bxc3 O-O 13. Re1 Rac8 14. Ne5
Rfd8 15. Qd2 Qc7 16. Qf4 Nxe5 17. dxe5 Bc6 18. Bd4 b6 19. Qe3 Nd7 20. c3 Bb7
21. f3 Nc5 22. Bc2 Qd7 23. Re2 Ba6 24. Rf2 Bb7 25. g4 Qe7 26. Rg2 Qg5 27. Qf2
Qf4 28. g5 h5 29. Re1 Ba6 30. Re3 Bc4 31. g6 Rf8 32. gxf7+ Rxf7 33. Rg6 Bd3 34.
Rxd3 Nxd3 35. Bxd3 Qc1+ 36. Kg2 Rcf8 37. Be3 Rxf3 38. Qxf3 Qxb2+ 39. Qe2 1-0

[Event "II HSL Istok 2015"]
[Site "Dalj, Vukovar, Zupanja, Oraho"]
[Date "2016.04.16"]
[Round "1.52"]
[White "Vince, Renato"]
[Black "Spoljar, Marijan"]
[Result "1/2-1/2"]
[WhiteElo "2135"]
[BlackElo "2237"]
[PlyCount "53"]
[EventDate "2016.04.16"]
[EventType "tourn"]
[EventRounds "11"]
[Source "Croatia"]
[SourceDate "2016.04.16"]

1. c4 Nf6 2. Nc3 g6 3. g3 Bg7 4. Bg2 O-O 5. e3 d6 6. Nge2 e5 7. O-O Nbd7 8. d4
c6 9. b3 Re8 10. Qc2 Nb6 11. Rd1 exd4 12. Nxd4 Qc7 13. Bb2 Be6 14. Rd2 Rad8 15.
Rad1 d5 16. cxd5 Nbxd5 17. Nxd5 Bxd5 18. Nb5 Qb6 19. Bxf6 Bxf6 20. Bxd5 Qxb5
21. Bc4 Qb6 22. Rd7 Rxd7 23. Rxd7 Re7 24. Qd3 Qc5 25. a4 Rxd7 26. Qxd7 Qe7 27.
Qxe7 1/2-1/2

[Event "II HSL Istok 2015"]
[Site "Dalj, Vukovar, Zupanja, Oraho"]
[Date "2016.04.16"]
[Round "1.53"]
[White "Sargac, Rajna"]
[Black "Skelac, Darko"]
[Result "1/2-1/2"]
[WhiteElo "2174"]
[BlackElo "2135"]
[PlyCount "134"]
[EventDate "2016.04.16"]
[EventType "tourn"]
[EventRounds "11"]
[Source "Croatia"]
[SourceDate "2016.04.16"]

1. e4 c5 2. Nf3 d6 3. d4 cxd4 4. Nxd4 Nf6 5. Nc3 Bd7 6. Be2 e5 7. Nb3 a5 8. a4
Na6 9. g4 Bc6 10. Bf3 h6 11. h4 Nb4 12. Qe2 Be7 13. Rg1 Qc7 14. g5 hxg5 15.
hxg5 Nd7 16. Be3 b6 17. O-O-O O-O-O 18. Qc4 Rdf8 19. Nb5 Bxb5 20. Qxc7+ Kxc7
21. axb5 a4 22. Na1 Nc5 23. Bxc5 bxc5 24. c3 Rh3 25. Be2 Na2+ 26. Kb1 Nxc3+ 27.
bxc3 Rxc3 28. f3 Re3 29. Rd2 Rh8 30. Bd1 Rb8 31. Rb2 a3 32. Rb3 Rxb3+ 33. Bxb3
Rxb5 34. Ka2 f6 35. g6 Rb8 36. Rh1 c4 37. Bxc4 Rb2+ 38. Kxa3 Rf2 39. Bd5 Rxf3+
40. Nb3 Rg3 41. Rc1+ Kd7 42. Bc6+ Ke6 43. Be8 d5+ 44. Ka4 dxe4 45. Rc6+ Kd5 46.
Rc7 Kd6 47. Rd7+ Ke6 48. Ra7 e3 49. Bf7+ Kf5 50. Bc4 Rg4 51. Kb5 Bf8 52. Bd3+
Kg5 53. Nc5 Bxc5 54. Kxc5 Rd4 55. Ra3 f5 56. Bc4 Re4 57. Ra2 Kxg6 58. Be2 Kg5
59. Kd5 Kf4 60. Ra1 Rd4+ 61. Ke6 Kg3 62. Kxe5 Rd2 63. Bc4 e2 64. Ra3+ Kf2 65.
Bxe2 Rxe2+ 66. Kxf5 Rb2 67. Ra7 Rb5+ 1/2-1/2

[Event "II HSL Istok 2015"]
[Site "Dalj, Vukovar, Zupanja, Oraho"]
[Date "2016.04.16"]
[Round "1.54"]
[White "Stanic, Ivica"]
[Black "Cubelic, Milan"]
[Result "1/2-1/2"]
[WhiteElo "2003"]
[BlackElo "2100"]
[PlyCount "180"]
[EventDate "2016.04.16"]
[EventType "tourn"]
[EventRounds "11"]
[Source "Croatia"]
[SourceDate "2016.04.16"]

1. c4 c5 2. g3 g6 3. Bg2 Bg7 4. Qc2 Nc6 5. d3 e5 6. Nc3 Nge7 7. Bg5 f6 8. Bd2
d6 9. Nd5 Be6 10. Qa4 Bd7 11. Nxe7 Nxe7 12. Qa3 Bc6 13. Nf3 a6 14. Rb1 a5 15.
O-O O-O 16. b3 b6 17. Qc1 d5 18. cxd5 Bxd5 19. a3 Rc8 20. Qc2 Nf5 21. e3 Bf7
22. Bh3 Rc7 23. Rfc1 Ne7 24. b4 axb4 25. axb4 c4 26. d4 b5 27. dxe5 fxe5 28.
Bc3 Nc6 29. Rd1 Qe7 30. Qe4 h6 31. Rb2 Kh7 32. Nh4 Bf6 33. Bg2 Bxh4 34. Qxh4
Qxh4 35. gxh4 Re8 36. Be4 h5 37. Rd6 Ne7 38. Rbd2 Nf5 39. Rd7 Re7 40. Rxc7 Rxc7
41. Bxe5 Re7 42. f4 Nxe3 43. Bc6 Ng4 44. Bd4 Re6 45. Bxb5 Re1+ 46. Kg2 Bd5+ 47.
Kg3 c3 48. Rc2 Re4 49. Bc5 Nh6 50. Bd7 Rc4 51. Bb5 Nf5+ 52. Kf2 Rxf4+ 53. Ke1
Nd4 54. Bxd4 Rxd4 55. Rxc3 Rxb4 56. Bf1 Rxh4 57. h3 Rf4 58. Ra3 Kh6 59. Ra5 Be6
60. Bg2 Bf5 61. Ke2 Kg5 62. Ra3 Kh4 63. Ke3 Rb4 64. Kf2 Rb2+ 65. Kg1 Rb4 66.
Kf2 g5 67. Rc3 Rd4 68. Ra3 Rb4 69. Rc3 Ra4 70. Rb3 g4 71. hxg4 hxg4 72. Rb5
Ra2+ 73. Ke3 Bd7 74. Rb7 Kg3 75. Bd5 Ra3+ 76. Ke2 Bf5 77. Rf7 Bd3+ 78. Kd2 Bg6
79. Rf6 Rd3+ 80. Ke2 Rxd5 81. Rxg6 Ra5 82. Rg7 Rf5 83. Ke1 Kh3 84. Ke2 g3 85.
Rh7+ Kg2 86. Re7 Kg1 87. Rg7 g2 88. Ra7 Re5+ 89. Kf3 Re1 90. Ra2 Re8 1/2-1/2